000 01485nam0a2200325 4500
001 RU\NLR\bibl\1670825
005 20260407061445.0
010 _a978-5-98880-032-3
_9500
021 _aRU
_b2010-56422
_93700
035 _a(NLR Aleph) 001662086
090 _a988056
_c988056
100 _a20100902d2010 |||y0rusy50 ca
101 0 _arus
102 _aRU
105 _aa |||||||||
200 1 _aОрганизация работы с персональными данными
_f[А.С. Аджемов, Е.Н. Голованова, А.А. Новиков]
_gМоск. техн. ун-т связи и информатики
210 _aМосква
_cИПК МТУСИ
_d2010
215 _a211 с.
_cсхем.
_d21
606 1 _aПерсональные данные
_xОхрана
_yРоссийская Федерация
_92455170
_3RU\NLR\AUTH\661459417
686 1 _aХ620.323.2
700 1 _aАджемов
_bА. С.
_4070
701 1 _aГолованова
_bЕ. Н.
_4070
701 1 _4070
_8rus
_7ca
_aНовиков
_bА. А.
_f1952-
_cканд. техн. наук, коммуникационные технологии
_gАндрей Алексеевич
_3RU\NLR\auth\7799485
_982411
712 0 2 _4570
_aМосковский технический университет связи и информатики
_3RU\NLR\AUTH\8810028454
_9555466
801 0 _aRU
_bNLR
_c20100902
_gRCR
801 1 _aRU
_bNLR
_c20100902
942 _cBOOK
980 _aNB